[Event "LSS SA-2020-0-00740"]
[Site "LSS email"]
[Date "2020.11.18"]
[Round "?"]
[White "Luers, Lavas"]
[Black "Paetzold, Ortwin"]
[Result "1/2-1/2"]
[WhiteElo "2081"]
[BlackElo "2041"]
[PlyCount "97"]
[EventDate "2020.09.30"]
[EventType "tourn (corr)"]
[EventRounds "6"]
[EventCountry "GER"]
[SourceTitle "Corr 2024"]
[Source "ChessBase"]
[SourceDate "2023.10.19"]
[SourceVersion "1"]
[SourceVersionDate "2023.10.19"]
[SourceQuality "1"]

1. c4 Nf6 2. Nf3 e6 3. g3 d5 4. d4 dxc4 5. Bg2 c6 6. a4 c5 7. 0-0 Nc6 8. dxc5 Bxc5 9. Qxd8+ Kxd8 10. Nbd2 Ke7 11. Nxc4 Rd8 12. Nfe5 Nxe5 13. Nxe5 Nd5 14. Nd3 Bd4 15. Bd2 Kf8 16. Rfd1 a5 17. Rac1 Bd7 18. b3 Bc6 19. e3 Bb6 20. Ne5 Be8 21. Nc4 Bc7 22. e4 Ne7 23. e5 Bc6 24. Be3 Rxd1+ 25. Rxd1 Bxg2 26. Kxg2 Nd5 27. Bc5+ Ke8 28. Rc1 Kd7 29. Bd6 Rc8 30. Bxc7 Rxc7 31. Rd1 Rc5 32. Nd6 b6 33. Nxf7 Rc3 34. Rb1 Rc2 35. Nd6 Nc3 36. Re1 Nd5 37. Nc4 Rc3 38. Rb1 g5 39. Nd6 g4 40. h3 h5 41. Ne4 Rf3 42. hxg4 hxg4 43. Kf1 Ne3+ 44. Ke2 Nd5 45. Kf1 Ne3+ 46. Ke2 Nd5 47. Rb2 Ke7 48. Nd6 Kd7 49. Nc4 1/2-1/2

[Event "RA-2020-0-00674"]
[Site "LSS email"]
[Date "2020.11.12"]
[Round "?"]
[White "Morcin, Tom"]
[Black "Luers, Lavas"]
[Result "1/2-1/2"]
[WhiteElo "2134"]
[BlackElo "2087"]
[PlyCount "114"]
[EventDate "2020.09.30"]
[EventType "tourn (corr)"]
[EventRounds "6"]
[EventCountry "GER"]
[SourceTitle "Corr 2022"]
[Source "ChessBase"]
[SourceDate "2021.10.24"]
[SourceVersion "1"]
[SourceVersionDate "2021.10.24"]
[SourceQuality "1"]

1. d4 Nf6 2. c4 g6 3. Nc3 Bg7 4. e4 d6 5. Be2 0-0 6. Nf3 Na6 7. 0-0 e5 8. Be3 Ng4 9. Bg5 Qe8 10. Nd5 f6 11. Bc1 c6 12. Nc3 Nc7 13. d5 c5 14. h3 Nh6 15. a3 Nf7 16. b4 Na6 17. Rb1 f5 18. Bd2 f4 19. Rb2 Qe7 20. Nb1 h5 21. Bc3 Bd7 22. Nbd2 Ng5 23. Nxg5 Qxg5 24. Nf3 Qh6 25. Ra2 Bf6 26. Nd2 b6 27. Rb2 Rf7 28. Re1 Raf8 29. Nf1 Kh8 30. Nh2 Bd8 31. Rb1 Rh7 32. Rf1 Rff7 33. Be1 g5 34. f3 Rf8 35. Qd3 Rg8 36. Qd1 Rhg7 37. Qc2 Bc8 38. Rb3 Rh7 39. Qd1 Bc7 40. Qc2 Qg6 41. Kf2 Nb8 42. Rh1 Nd7 43. Kg1 Nf6 44. bxc5 bxc5 45. Nf1 g4 46. hxg4 hxg4 47. Rxh7+ Kxh7 48. fxg4 Nxg4 49. Rh3+ Kg7 50. Rh1 Kf8 51. Bf3 Nf6 52. Bh4 Bg4 53. Bxg4 Nxg4 54. Rh3 Rg7 55. Qe2 Kg8 56. Qc2 Bb6 57. Qa4 Nf6 1/2-1/2

[Event "SA-2020-0-00733"]
[Site "LSS email"]
[Date "2020.08.30"]
[Round "?"]
[White "Ederer, Karel"]
[Black "Luers, Lavas"]
[Result "1/2-1/2"]
[WhiteElo "2085"]
[BlackElo "2082"]
[PlyCount "41"]
[EventDate "2020.08.02"]
[EventType "tourn (corr)"]
[EventRounds "6"]
[EventCountry "GER"]
[SourceTitle "Corr 2022"]
[Source "ChessBase"]
[SourceDate "2021.10.24"]
[SourceVersion "1"]
[SourceVersionDate "2021.10.24"]
[SourceQuality "1"]

1. d4 Nf6 2. c4 g6 3. Nc3 d5 4. cxd5 Nxd5 5. e4 Nxc3 6. bxc3 Bg7 7. Bc4 Nc6 8. Rb1 0-0 9. Nf3 e5 10. Ba3 Re8 11. Qb3 Qf6 12. 0-0 exd4 13. cxd4 Bg4 14. Ne5 Be6 15. Bxe6 Qxe6 16. Nxc6 Qxb3 17. axb3 bxc6 18. e5 Red8 19. Rfd1 a5 20. f4 Rab8 21. Be7 1/2-1/2